ბათუმის შოთა რუსთაველის სახელმწიფო უნივერსიტეტის ბიბლიოთეკა

აკაკი ჩხენკელი, 1874-1959 = Akaki Tchkhenkeli, 1874-1959 : (ბიბ.ჩანაწერი № 63682)

000 -ლიდერი
ფიქსირებული სიგრძის საკონტროლო ველი 02876nam a22003137a 4500
003 - საკონტროლო ნომრის იდენტიფიკატორი
საკონტროლო ველი Ge_BSU
005 - ბოლო ოპერაციის თარიღი და დრო
საკონტროლო ველი 20251208184913.0
008 - ფიქსირებული სიგრძის მონაცემთა ელემენტები - ზოგადი ინფორმაცია
ფიქსირებული სიგრძის საკონტროლო ველი 251208s2022 ge ||||| |||| 00| 0 geo d
020 ## - წიგნის საერთაშორისო სტანდარტული ნომერი
International Standard Book Number 9789941980329
041 ## - ენის კოდი
Language code of text/sound track or separate title geo
080 ## - უნივერსალური ათობითი კლასიფიკაციის ინდექსი
Universal Decimal Classification number 32(479.22)(092) ჭ-23
100 ## - მთავარი ჩანაწერი - პიროვნების სახელი
Personal name ჭანტურიძე, სალომე
9 (RLIN) 14483
245 ## - ცნობა სათაურის შესახებ
Title აკაკი ჩხენკელი, 1874-1959 = Akaki Tchkhenkeli, 1874-1959 :
Remainder of title [ალბომი] /
Statement of responsibility, etc ავტორები: სალომე ჭანტურიძე, ანტონ ვაჭარაძე; რედაქტორები: ლევან ავალიშვილი, გიორგი კლდიაშვილი, ეკა კალანდაძე; ტექსტის რედაქტორი ესმა მანია; ინგლისური ტექსტის რედაქტორი ქემერონ ფრეზერი; მთარგმნელები: ლუკა ჩიტიანი, სანდრო როჩიკაშვილი; წინასიტყვაობის ავტორები: დოდო ჭუმბურიძე, გოჩა ჯავახიშვილი, გიორგი კლდიაშვილი; დიზაინერი ლაშა მაჭარაშვილი.
264 ## - წარმოების, გამოცემის, დისტრიბუციის და სხვა ცნობები
გამოცემის, წარმოების, დისტრიბუციის... ადგილი თბილისი,
გამოცემის, წარმოების, დისტრიბუციის... თარიღი 2022.
300 ## - ფიზიკური აღწერა
Extent 188 გვ. :
Other physical details ფოტ. ;
Dimensions 27 სმ.
700 ## - ADDED ENTRY--PERSONAL NAME
Personal name ვაჭარაძე, ანტონ
Relator term ავტორი
9 (RLIN) 18853
700 ## - ADDED ENTRY--PERSONAL NAME
Personal name ავალიშვილი, ლევან
Relator term რედაქტორი
9 (RLIN) 26391
700 ## - ADDED ENTRY--PERSONAL NAME
Personal name კლდიაშვილი, გიორგი
Relator term რედაქტორი, წინასიტყვაობის ავტორი
9 (RLIN) 26392
700 ## - ADDED ENTRY--PERSONAL NAME
Personal name კალანდაძე, ეკა
Relator term რედაქტორი
9 (RLIN) 26393
700 ## - ADDED ENTRY--PERSONAL NAME
Personal name მანია, ესმა
Relator term ტექსტის რედაქტორი
9 (RLIN) 24122
700 ## - ADDED ENTRY--PERSONAL NAME
Personal name ფრეზერი, ქემერონ
Relator term ინგლ. ტექსტის რედაქტორი
9 (RLIN) 26394
700 ## - ADDED ENTRY--PERSONAL NAME
Personal name ჩიტიანი, ლუკა
Relator term მთარგმნელი
9 (RLIN) 26395
700 ## - ADDED ENTRY--PERSONAL NAME
Personal name როჩიკაშვილი, სანდრო
Relator term მთარგმნელი
9 (RLIN) 26396
700 ## - ADDED ENTRY--PERSONAL NAME
Personal name ჭუმბურიძე, დოდო
Relator term წინასიტყვაობის ავტორი
9 (RLIN) 17394
700 ## - ADDED ENTRY--PERSONAL NAME
Personal name ჯავახიშვილი, გოჩა
Relator term წინასიტყვაობის ავტორი
9 (RLIN) 26397
700 ## - ADDED ENTRY--PERSONAL NAME
Personal name მაჭარაშვილი, ლაშა და სხვ.
Relator term დიზაინერი
9 (RLIN) 26398
856 ## - ELECTRONIC LOCATION AND ACCESS
Uniform Resource Identifier https://dspace.nplg.gov.ge/bitstream/1234/420252/1/Akaki_Chkhenkeli_1874-1959.pdf
Link text ელ. ვერსია
942 ## - ADDED ENTRY ELEMENTS (KOHA)
Source of classification or shelving scheme
Koha item type წიგნი
ეგზემპლარები
ჩამოწერის სტატუსი დაკარგული ეგზემპლარის სტატუსი კლასიფიკაციის წყარო ან თაროზე გაწყობის სქემა დაზიანების სტატუსი არ გაიცემა მუდმივი მდებარეობა (დაცვის ადგილი) ამჟამინდელი ადგილსამყოფელი თაროზე განთავსების ადგილი შეძენის თარიღი ღირებულება, შესყიდვის ნორმალური ფასი სრული შენახვის შიფრი შტრიხკოდი ბოლო ოპერაციის თარიღი ეგზემპლარის მიმდევრობითი ნომერი (კეტერი?) Uniform Resource Identifier ფასის ძალაში შესვლის თარიღი ეგზემპლარის სახეობა საჯარო შენიშვნა
          ბათუმის შოთა რუსთაველის სახელმწიფო უნივერსიტეტის მთავარი ბიბლიოთეკა ბათუმის შოთა რუსთაველის სახელმწიფო უნივერსიტეტის მთავარი ბიბლიოთეკა წიგნსაცავი 2025-12-08 12.00 32(479.22)(092) ჭ-23 73229 2025-12-08 73229 საქართველოს ეროვნული ბიბლიოთეკა (ნაჩუქარი) 2025-12-08 წიგნი 12 ლ.